| 000 | 00599ata a2200217 4500 | ||
|---|---|---|---|
| 005 | 20240821151419.0 | ||
| 008 | 150521b2009 xxu||||| |||| 00| 0 spa d | ||
| 020 | _a9786070012716 | ||
| 041 | _aspa | ||
| 082 | _a345.01 Q7r | ||
| 100 |
_aQuintino Zepeda, Rubén _930306 |
||
| 245 | _a20 Reglas para que el Ministerio Publico determine la imputación de un hecho | ||
| 260 | _aMéxico | ||
| 260 | _bEditorial Ubijus | ||
| 260 | _c2009 | ||
| 300 | _a28 páginas | ||
| 650 | _aMINISTERIO PÚBLICO | ||
| 650 | _aIMPUTACIÓN DE UN HECHO | ||
| 650 | _aINVESTIGACIÓN CRIMINAL | ||
| 942 |
_cBK _2ddc |
||
| 999 |
_c5851 _d5851 |
||